Click the Amy Winehouse Song Title Ending - Statistics

General Stats
  • This quiz has been taken 107 times
  • The average score is 13 of 15
Answer Stats
Hint Answer % Correct
Back To Black
100%
Love Is A Losing Game
97%
The Girl From Ipanema
97%
Me & Mr Jones
97%
Our Day Will Come
95%
You Know I'm No Good
92%
Tears Dry On Their Own
92%
Wake Up Alone
88%
Stronger Than Me
86%
Some Unholy War
84%
Take The Box
80%
Just Friends
78%
He Can Only Hold Her
78%
What Is It About Men
76%
Like Smoke
57%
No matching quizzes found
Score Distribution
Percent of People with Each Score
Percentile by Number Answered
Your Score History
You have not taken this quiz